The Art of Happy Living (Record no. 321842)

000 -LEADER
fixed length control field 00282 a2200121 4500
001 - CONTROL NUMBER
control field 86769
003 - CONTROL NUMBER IDENTIFIER
control field NUST
005 - DATE AND TIME OF LATEST TRANSACTION
control field 20180123120939.0
008 - FIXED-LENGTH DATA ELEMENTS--GENERAL INFORMATION
fixed length control field 180123b xxu||||| |||| 00| 0 eng d
082 ## - DEWEY DECIMAL CLASSIFICATION NUMBER
Classification number 158.1 BUD
100 ## - MAIN ENTRY--PERSONAL NAME
Personal name Budhiraja G
9 (RLIN) 9614
245 ## - TITLE STATEMENT
Title The Art of Happy Living
Medium English
260 ## - PUBLICATION, DISTRIBUTION, ETC.
Place of publication, distribution, etc. India
Name of publisher, distributor, etc. Pustak Mahal
Date of publication, distribution, etc. 2010
300 ## - PHYSICAL DESCRIPTION
Extent 165p.
942 ## - ADDED ENTRY ELEMENTS (KOHA)
Institution code [OBSOLETE] CAE NUSt
Koha item type Book
Call number prefix 158.1 BUD
Source of classification or shelving scheme
Holdings
Withdrawn status Lost status Damaged status Not for loan Collection code Permanent Location Current Location Date acquired Total Checkouts Full call number Barcode Date last seen Price effective from Koha item type
          College of Aeronautical Engineering (CAE) College of Aeronautical Engineering (CAE) 04/03/2017   158.1 BUD CAE85677 04/05/2017 04/05/2017 Book
© 2023 Central Library, National University of Sciences and Technology. All Rights Reserved.